000
00251nam a2200097Ia 4500
008
171211s9999 xx 000 0 und d
245
_a
Wikijunior Big Cats
260
_c
2007
650
_x
ANIMALS
856
_u
http://down.ebook777.com/055/0978232100.pdf
999
_c
348444
_d
348444